[Event "European Rapid 2016"]
[Site "Tallinn EST"]
[Date "2016.12.16"]
[Round "11.27"]
[White "Gorodetzky, David"]
[Black "Munoz, Miguel"]
[Result "1/2-1/2"]
[WhiteTitle "FM"]
[BlackTitle "GM"]
[WhiteElo "2350"]
[BlackElo "2473"]
[WhiteFideId "2813416"]
[BlackFideId "3800229"]
[EventDate "2016.12.15"]

1. e4 d5 2. exd5 Qxd5 3. Nc3 Qa5 4. d4 Nf6 5. Nf3 Nc6 6. Bb5 Bd7 7. d5 Nb4 8.
Bxd7+ Nxd7 9. O-O Nf6 10. Qe2 Nbxd5 11. Nxd5 Qxd5 12. Rd1 Qe4 13. Qb5+ Qc6 14.
Qxc6+ bxc6 15. Nd4 e6 16. Nxc6 Bd6 17. c4 Nd7 18. Be3 a5 19. Nd4 Ne5 20. c5 Be7
21. Nb5 O-O 22. Bf4 Ng6 23. Be3 c6 24. Nd6 Rfb8 25. Rab1 a4 26. Nc4 Rb7 27. g3
f6 28. Rd3 Rb5 29. Nb6 Ra7 30. Rc3 Ne5 31. Bd4 Ng6 32. Be3 Kf7 33. Kg2 Ne5 34.
Bd4 Nd7 35. Nxd7 Rxd7 36. Be3 e5 37. b4 axb3 38. Rcxb3 Ra5 39. Rb7 Rxb7 40. Rxb7
Ke6 41. Rc7 Ra6 42. g4 g6 43. a4 f5 44. gxf5+ gxf5 45. f3 h5 46. Bf2 Bg5 47. Rg7
Be7 48. Rg6+ Kd5 49. Rh6 Rxa4 50. Rxh5 Ra2 51. Kf1 f4 52. h4 Rc2 53. Rh8 Bxc5
54. Bxc5 Kxc5 55. Kg1 Kd4 56. Re8 Ke3 57. Rxe5+ Kxf3 58. h5 Rg2+ 59. Kh1 Rg4 60.
Rc5 Kg3 61. Kg1 Rh4 62. Rg5+ Kf3 63. Rc5 Rg4+ 64. Kf1 Rh4 65. Kg1 Rg4+ 66. Kf1
Rh4 67. Kg1 1/2-1/2

[Event "European Rapid 2016"]
[Site "Tallinn EST"]
[Date "2016.12.16"]
[Round "11.28"]
[White "Pustovoitova, Daria"]
[Black "Saric, Ivan"]
[Result "1-0"]
[WhiteTitle "FM"]
[BlackTitle "GM"]
[WhiteElo "2401"]
[BlackElo "2652"]
[WhiteFideId "4182146"]
[BlackFideId "14508150"]
[EventDate "2016.12.15"]

1. d4 Nf6 2. c4 g6 3. Nf3 Bg7 4. Nc3 d6 5. Bg5 h6 6. Bh4 c5 7. e3 Qa5 8. Qd2 g5
9. Bg3 Nh5 10. Nb5 Qxd2+ 11. Nxd2 Na6 12. dxc5 Nxg3 13. hxg3 dxc5 14. O-O-O Bf5
15. a3 O-O 16. Be2 Bd7 17. Bf3 Bxb5 18. cxb5 Nc7 19. a4 Rab8 20. Nc4 Na8 21. Rd7
Nb6 22. Nxb6 axb6 23. Bxb7 Rfd8 24. Rhd1 Rxd7 25. Rxd7 Kf8 26. Kc2 g4 27. b3 Be5
28. Kd3 Bd6 29. Kc4 Kg7 30. Kd5 Kf6 31. Kc6 Ke6 32. Rxd6+ exd6 33. Kxb6 d5 34.
a5 d4 35. a6 d3 36. a7 Rd8 37. Be4 d2 38. Bc2 Kd6 39. Kb7 Rd7+ 40. Ka6 Rd8 41.
b6 Kc6 42. Bd1 c4 43. b7 Kd5 1-0

[Event "European Rapid 2016"]
[Site "Tallinn EST"]
[Date "2016.12.16"]
[Round "11.29"]
[White "Narmontas, Matas"]
[Black "Ruck, Robert"]
[Result "0-1"]
[WhiteTitle "IM"]
[BlackTitle "GM"]
[WhiteElo "2411"]
[BlackElo "2561"]
[WhiteFideId "12802204"]
[BlackFideId "705713"]
[EventDate "2016.12.15"]

1. e4 c6 2. d4 d5 3. f3 Qb6 4. Nc3 dxe4 5. fxe4 e5 6. dxe5 Be6 7. Nf3 Nd7 8. Bd3
Ne7 9. Ng5 Nxe5 10. Nxe6 fxe6 11. Qe2 N7g6 12. Bc4 O-O-O 13. Bxe6+ Kb8 14. Bb3
Bc5 15. Na4 Bb4+ 16. c3 Qc7 17. Bc2 Bd6 18. Be3 Nd7 19. b4 b5 20. Nc5 Nxc5 21.
Bxc5 Bxh2 22. Rxh2 Qxh2 23. Qf2 Rhf8 24. Bxf8 Rxf8 25. Qc5 Qh1+ 26. Kd2 Rd8+ 27.
Bd3 Qxa1 28. Qxc6 Rxd3+ 0-1

[Event "European Rapid 2016"]
[Site "Tallinn EST"]
[Date "2016.12.16"]
[Round "11.31"]
[White "Cramling, Pia"]
[Black "Jovanovic, Zoran"]
[Result "0-1"]
[WhiteTitle "GM"]
[BlackTitle "GM"]
[WhiteElo "2453"]
[BlackElo "2534"]
[WhiteFideId "1700030"]
[BlackFideId "14505320"]
[EventDate "2016.12.15"]

1. Nf3 d6 2. d4 g6 3. c4 Bg7 4. Nc3 e5 5. dxe5 dxe5 6. Qxd8+ Kxd8 7. Rg1 Be6 8.
e3 f6 9. b3 Nh6 10. Bb2 Nd7 11. h3 c6 12. g4 Nf7 13. O-O-O Kc7 14. Be2 Nc5 15.
Nd2 f5 16. b4 Nd7 17. gxf5 Bxf5 18. Bg4 Nh6 19. Bxf5 Nxf5 20. Nce4 a5 21. b5 a4
22. Ba3 Bf8 23. Bxf8 Rhxf8 24. Kc2 Ng7 25. Rg3 Ne6 26. Nb1 Ndc5 27. Nbc3 Rf5 28.
Rd2 Raf8 29. Kb2 Rh5 30. Ka3 Rh4 31. f3 Nxe4 32. Nxe4 Ng7 33. Nc5 Rxc4 34. Rd7+
Kb6 35. Rxg7 Kxc5 36. Rxh7 Rc3+ 37. Kb2 Rxe3 38. bxc6 bxc6 39. Rxg6 Rfxf3 40.
Rg2 a3+ 41. Kc2 Rc3+ 42. Kd2 Rfd3+ 43. Ke2 Rxh3 44. Rxh3 Rxh3 0-1

[Event "European Rapid 2016"]
[Site "Tallinn EST"]
[Date "2016.12.16"]
[Round "11.33"]
[White "Jezov, Roman"]
[Black "Miezis, Normunds"]
[Result "1/2-1/2"]
[WhiteTitle "FM"]
[BlackTitle "GM"]
[WhiteElo "2298"]
[BlackElo "2509"]
[WhiteFideId "4502078"]
[BlackFideId "11600136"]
[EventDate "2016.12.15"]

1. e4 c5 2. Be2 Nc6 3. f4 g6 4. Nf3 Bg7 5. O-O d6 6. d3 e5 7. c3 Nge7 8. Be3
exf4 9. Bxf4 O-O 10. Na3 d5 11. Nb5 Bg4 12. h3 dxe4 13. dxe4 Bxf3 14. gxf3 a6
15. Qxd8 Rfxd8 16. Nd6 Ra7 17. Bc4 Rf8 18. Be3 b6 19. f4 Rd7 20. e5 b5 21. Be2
c4 22. Bg4 Rdd8 23. Bc5 h5 24. Bf3 f6 25. Nb7 Rb8 26. Bxc6 Nxc6 27. Bxf8 Bxf8
28. Nd6 fxe5 29. fxe5 Nxe5 30. Ne4 Be7 31. Rad1 Nd3 32. b3 Rb6 33. bxc4 bxc4 34.
Nd2 Rb2 35. Nxc4 Bc5+ 36. Kh1 Nf2+ 37. Rxf2 Rxf2 38. Rd5 Be7 39. Ne5 g5 40. Ra5
Re2 41. Nc6 Bf6 42. Nb4 Kg7 43. c4 Kg6 44. Rxa6 Kf5 45. c5 g4 46. hxg4+ hxg4 47.
Ra3 Be5 48. Nc6 Re1+ 49. Kg2 Bf4 50. Nb4 Re2+ 51. Kf1 Rh2 52. c6 Bd6 53. Rc3
Rh1+ 54. Kg2 Rh2+ 55. Kg1 Rh8 56. Nd5 Ke4 57. c7 Rc8 58. Nf6+ Kf5 59. Nd5 Ke5
60. Ne3 Kd4 61. Rb3 Rxc7 62. Nf5+ Ke5 63. Nxd6 Kxd6 64. Rb4 Rc1+ 65. Kg2 Rc3 66.
Rxg4 Ra3 1/2-1/2

[Event "European Rapid 2016"]
[Site "Tallinn EST"]
[Date "2016.12.16"]
[Round "11.34"]
[White "Marin, Mihail"]
[Black "Lobanov, Sergei"]
[Result "1/2-1/2"]
[WhiteTitle "GM"]
[WhiteElo "2539"]
[BlackElo "2429"]
[WhiteFideId "1200020"]
[BlackFideId "24183750"]
[EventDate "2016.12.15"]

1. Nf3 Nf6 2. c4 e6 3. g3 Be7 4. Bg2 d5 5. O-O O-O 6. d4 dxc4 7. Ne5 Nc6 8. Bxc6
bxc6 9. Na3 Bxa3 10. bxa3 Qd5 11. f3 c5 12. Bb2 cxd4 13. Qxd4 Ba6 14. e4 Qxd4+
15. Bxd4 Rfd8 16. Rfd1 Bb5 17. Bc3 Ne8 18. Rab1 a6 19. Kf2 f6 20. Rxd8 Rxd8 21.
a4 Bxa4 22. Nxc4 Bb5 23. Nb2 c5 24. Rc1 Kf7 25. Ba5 Rc8 26. a4 Bd7 27. Nc4 Ke7
28. Nb6 Rc6 29. Rxc5 Rxc5 30. Bb4 Kd6 31. Nxd7 Kxd7 32. Bxc5 Kc6 33. Bf8 Kb6 34.
Ke3 e5 35. Kd3 Ka5 36. Kc4 Kxa4 37. Kc5 Nc7 38. Kd6 Nb5+ 39. Kd5 Nc7+ 40. Kd6
Nb5+ 41. Kd7 Nd4 42. Bxg7 Nxf3 43. Bxf6 Kb3 44. Ke6 a5 45. h4 a4 46. Be7 a3 47.
Bxa3 Kxa3 48. Kf6 Kb4 49. Kg7 Nd2 50. Kxh7 Nxe4 51. Kg6 Nxg3 52. h5 Nxh5 53. Kf5 1/2-1/2

[Event "European Rapid 2016"]
[Site "Tallinn EST"]
[Date "2016.12.16"]
[Round "11.35"]
[White "Djuric, Stefan"]
[Black "Neiksans, Arturs"]
[Result "0-1"]
[WhiteTitle "GM"]
[BlackTitle "GM"]
[WhiteElo "2429"]
[BlackElo "2631"]
[WhiteFideId "900133"]
[BlackFideId "11601388"]
[EventDate "2016.12.15"]

1. e4 c5 2. Nf3 d6 3. g3 Nc6 4. Bg2 Nf6 5. Qe2 g6 6. e5 dxe5 7. Nxe5 Nd4 8. Qd1
Qc7 9. f4 Nd7 10. Nc4 Rb8 11. c3 Nf5 12. O-O Bg7 13. Nba3 b5 14. Ne3 Nf6 15. Qe2
a6 16. d3 O-O 17. Nac2 Rd8 18. Kh1 Rb6 19. a4 Rbd6 20. axb5 axb5 21. Rd1 Bb7 22.
Nxf5 gxf5 23. Ne3 e6 24. h3 Bxg2+ 25. Kxg2 Qd7 26. Ra5 h5 27. c4 bxc4 28. Nxc4
Rxd3 29. Rxd3 Qxd3 30. Qxd3 Rxd3 31. Ne5 Rd1 32. Rxc5 Rd8 33. b4 Ne4 34. Rc7
Bxe5 35. fxe5 Rd3 36. Bf4 Rb3 37. Rb7 Nc3 38. Bh6 Ne4 39. Bf4 Kg7 40. Rb8 Nc3
41. Be3 Nd5 42. Bc5 h4 43. gxh4 Nf4+ 44. Kg1 Rb1+ 45. Kh2 Rb2+ 46. Kg3 Nd3 47.
Bd6 Rb3 48. Kh2 f4 49. Kg2 Kg6 50. Rb7 Kf5 51. Rxf7+ Ke4 52. h5 Rb2+ 53. Kg1 Kf3
54. Bc5 Kg3 55. Rg7+ Kxh3 56. Kh1 Rb1+ 57. Rg1 Rxb4 58. h6 Rb7 59. Rg7 Rb1+ 60.
Rg1 Rb8 61. h7 Rh8 62. Rg8 Rxh7 63. Rg2 Rc7 64. Rh2+ Kg3 65. Rg2+ Kf3 66. Bd6
Rc1+ 67. Kh2 Nf2 68. Rg1 Ng4+ 69. Kh1 Rxg1+ 70. Kxg1 Ke2 0-1

[Event "European Rapid 2016"]
[Site "Tallinn EST"]
[Date "2016.12.16"]
[Round "11.36"]
[White "Grigoriants, Sergey"]
[Black "Sarana, Alexey"]
[Result "1/2-1/2"]
[WhiteTitle "GM"]
[BlackTitle "IM"]
[WhiteElo "2563"]
[BlackElo "2457"]
[WhiteFideId "4130804"]
[BlackFideId "24133795"]
[EventDate "2016.12.15"]

1. Nf3 Nf6 2. c4 g6 3. Nc3 d5 4. cxd5 Nxd5 5. Qa4+ Bd7 6. Qb3 Nb6 7. d4 Be6 8.
Qd1 Bg7 9. Bf4 O-O 10. e3 c5 11. dxc5 N6d7 12. Be2 Nxc5 13. Qxd8 Rxd8 14. Be5
Bxe5 15. Nxe5 f6 16. Nf3 Nc6 17. O-O Nd3 18. Rab1 Bf5 19. Rfd1 Nc5 20. Rxd8+
Rxd8 21. Rd1 Rxd1+ 22. Nxd1 Be6 23. Nc3 Nb4 24. Nd4 Bf7 1/2-1/2

[Event "European Rapid 2016"]
[Site "Tallinn EST"]
[Date "2016.12.16"]
[Round "11.37"]
[White "Shkapenko, Pavel"]
[Black "Cvitan, Ognjen"]
[Result "1/2-1/2"]
[WhiteTitle "IM"]
[BlackTitle "GM"]
[WhiteElo "2425"]
[BlackElo "2491"]
[WhiteFideId "4151933"]
[BlackFideId "14500086"]
[EventDate "2016.12.15"]

1. e4 c5 2. c3 Nf6 3. e5 Nd5 4. d4 cxd4 5. cxd4 d6 6. Nf3 Nc6 7. Bc4 e6 8. O-O
Be7 9. Qe2 O-O 10. Re1 Na5 11. Bxd5 exd5 12. Nc3 1/2-1/2

[Event "European Rapid 2016"]
[Site "Tallinn EST"]
[Date "2016.12.16"]
[Round "11.38"]
[White "Kantans, Toms"]
[Black "Krupenski, Juri"]
[Result "1/2-1/2"]
[WhiteTitle "IM"]
[BlackTitle "IM"]
[WhiteElo "2454"]
[BlackElo "2432"]
[WhiteFideId "11602945"]
[BlackFideId "4501101"]
[EventDate "2016.12.15"]

1. e4 c5 2. Nf3 d6 3. d4 Nf6 4. Nc3 cxd4 5. Nxd4 a6 6. Bg5 e6 7. f4 h6 8. Bh4
Be7 9. Qf3 Nbd7 10. O-O-O Qc7 11. Be2 Rb8 12. Qg3 O-O 13. Bf3 Nb6 14. e5 dxe5
15. fxe5 Nfd5 16. Nxd5 Nxd5 17. Bxd5 Bxh4 18. Qxh4 exd5 19. Rhe1 b5 20. Kb1 Rb6
21. h3 Re8 22. Qf4 f6 23. Nf3 Rbe6 24. Qd2 fxe5 25. Qxd5 Bb7 26. Qb3 Kh8 27. a3
Rf6 28. Re3 Bxf3 29. Rxf3 Rxf3 30. Qxf3 e4 31. Qe3 Qc4 32. b3 Qe6 33. Rd4 Qf5
34. Rd2 Qe5 35. Rd4 Qc5 36. Kb2 Qe5 37. Ka2 Qc5 38. Kb2 Qe5 39. Ka2 Qc5 40. Kb2
h5 1/2-1/2

[Event "European Rapid 2016"]
[Site "Tallinn EST"]
[Date "2016.12.16"]
[Round "11.39"]
[White "Rozhko, Dmitry"]
[Black "Dzhumagaliev, Yan"]
[Result "0-1"]
[WhiteTitle "FM"]
[BlackTitle "FM"]
[WhiteElo "2324"]
[BlackElo "2400"]
[WhiteFideId "4150430"]
[BlackFideId "24100110"]
[EventDate "2016.12.15"]

1. d4 Nf6 2. Nf3 e6 3. Bf4 c5 4. e3 Nc6 5. c3 Qb6 6. Qb3 d5 7. h3 c4 8. Qc2 Be7
9. Nbd2 O-O 10. Be2 Bd7 11. O-O Rac8 12. Ne5 Nxe5 13. Bxe5 Bc6 14. b3 cxb3 15.
axb3 a6 16. c4 Nd7 17. c5 Qd8 18. Bg3 f5 19. f4 Qe8 20. b4 Nb8 21. Nb3 Bb5 22.
Na5 b6 23. Nb3 Nc6 24. Bxb5 axb5 25. Be1 g5 26. Qe2 gxf4 27. exf4 Bf6 28. Bc3
bxc5 29. bxc5 b4 30. Bb2 Bg7 31. Ra6 Rf6 32. Rfa1 Rg6 33. Qe3 Qe7 34. Kh2 Bh6
35. Na5 Nd8 36. g3 Bg7 37. Qd3 h5 38. h4 Kh7 39. Re1 Qf7 40. Qb5 Rc7 41. Qxb4
Bf6 42. Qd2 Qg8 43. Re2 Rxg3 44. Rg2 Rcg7 45. Rxg3 Rxg3 46. Ra7+ Kh6 47. c6 Qg4 0-1

[Event "European Rapid 2016"]
[Site "Tallinn EST"]
[Date "2016.12.16"]
[Round "11.40"]
[White "Picard, Romain"]
[Black "Ionov, Sergey"]
[Result "1/2-1/2"]
[WhiteTitle "IM"]
[BlackTitle "GM"]
[WhiteElo "2338"]
[BlackElo "2535"]
[WhiteFideId "627216"]
[BlackFideId "4100875"]
[EventDate "2016.12.15"]

1. e4 c5 2. Nf3 e6 3. d4 cxd4 4. Nxd4 Nc6 5. Nc3 d6 6. Be2 Nf6 7. O-O Be7 8. Be3
O-O 9. f4 e5 10. Nb3 exf4 11. Bxf4 Be6 12. Kh1 d5 13. exd5 Nxd5 14. Nxd5 Qxd5
15. Qxd5 Bxd5 16. Rad1 Rad8 17. c3 Be4 18. Bc4 Rxd1 19. Rxd1 Rd8 20. Rxd8+ Nxd8
21. Be3 b6 22. a4 Nc6 23. a5 Nxa5 24. Nxa5 bxa5 25. Bxa7 a4 26. Kg1 a3 27. bxa3
Bxa3 28. Kf2 1/2-1/2